Countries Whose Capital Ends with A - Sudden Death - Statistics

General Stats
  • This quiz has been taken 47 times
    23 since last reset
  • The average score is 15 of 21
Answers on the Grid
Answers color-coded by a green-red scale on the quiz's grid according to % correct below.
Qatar
Philippines
USA
Indonesia
Kazakhstan
Turkey
Fiji
Kiribati
Cuba
South Sudan
Bahrain
Panama
Yemen
Nigeria
Ghana
Albania
Kosovo
Cyprus
Latvia
Canada
Djibouti
Armenia
Azerbaijan
Mongolia
Nauru
Australia
New Zealand
Grenada
Algeria
Haiti
Costa Rica
Guatemala
Netherlands
Jordan
Malaysia
Vietnam
Papua New Guinea
Guinea
Gambia
Central African Republic
 
Answer Stats
Answer % Correct
Albania
93%
Australia
93%
Canada
93%
Cuba
93%
Indonesia
93%
Latvia
87%
Philippines
87%
Turkey
87%
Cyprus
80%
Qatar
80%
Yemen
80%
Ghana
73%
Kosovo
73%
South Sudan
73%
Kazakhstan
67%
Nigeria
67%
Bahrain
60%
Fiji
53%
Kiribati
40%
Panama
33%
USA
0%
No matching quizzes found
Score Distribution
Percent of People with Each Score
Percentile by Number Answered
Your Score History
You have not taken this quiz since the last reset